Gruppi di tre #1 - Statistics

Statistiche generali
  • Questo quiz è stato fatto 5.614 volte
  • Il punteggio medio è 35 su 60
Statistiche sulle risposte
Group Risposta % Corretto
Protagonisti principali di "Harry Potter" Harry Potter
94%
Cantiche della "Divina Commedia" di Dante Alighieri Inferno
91%
Doni dei Re Magi Mirra
91%
Cantiche della "Divina Commedia" di Dante Alighieri Paradiso
91%
Cantiche della "Divina Commedia" di Dante Alighieri Purgatorio
91%
Capitali europee che iniziano per R Roma
91%
Città più popolose dei Paesi Bassi Amsterdam
90%
Doni dei Re Magi Oro
90%
Santa Trinità del Cristianesimo Spirito Santo
89%
Santa Trinità del Cristianesimo Figlio
88%
Protagonisti principali di "Harry Potter" Hermione Granger
88%
Santa Trinità del Cristianesimo Padre
88%
Eventi del Triathlon Corsa
87%
Doni dei Re Magi Incenso
87%
Navi di Cristoforo Colombo Santa Maria
86%
Eventi del Triathlon Nuoto
85%
Navi di Cristoforo Colombo Pinta
85%
Navi di Cristoforo Colombo Niña
83%
Mosse della Morra cinese Carta
82%
Mosse della Morra cinese Forbici
82%
Protagonisti principali di "Harry Potter" Ron Weasley
82%
Tre Chipmunks Alvin
81%
Mosse della Morra cinese Sasso
81%
Capitali europee che iniziano per R Riga
73%
Eventi del Triathlon Ciclismo
72%
Le tre R dell'ambiente Riciclare
70%
Regioni del Triveneto Veneto
67%
Regioni del Triveneto Friuli-Venezia Giulia
66%
Capitali europee che iniziano per R Reykjavík
66%
Città più popolose dei Paesi Bassi Rotterdam
66%
Regioni del Triveneto Trentino-Alto Adige
65%
Non mammiferi nello Zodiaco Cinese Drago
57%
Tre Chipmunks Simon
57%
I Tre Tenori Luciano Pavarotti
55%
Le tre R dell'ambiente Riutilizzare
53%
Parti della Psiche secondo Freud Ego
51%
Non mammiferi nello Zodiaco Cinese Serpente
51%
Tre Chipmunks Theodore
51%
Tre Moschettieri Aramis
48%
Parti della Psiche secondo Freud Superego
44%
Cantanti di "Si può dare di più" Gianni Morandi
38%
Tre Moschettieri Athos
37%
Tre Moschettieri Porthos
37%
Leader alleati a Yalta Winston Churchill
36%
Leader alleati a Yalta Joseph Stalin
35%
Città più popolose dei Paesi Bassi L'Aia
32%
Leader alleati a Yalta Franklin D. Roosevelt
29%
Cantanti di "Si può dare di più" Umberto Tozzi
29%
Cantanti di "Si può dare di più" Enrico Ruggeri
25%
Non mammiferi nello Zodiaco Cinese Gallo
22%
Le Superchicche Molly
21%
I Tre Tenori Placido Domingo
21%
Le Superchicche Dolly
20%
Parti della Psiche secondo Freud Id
20%
Le Superchicche Lolly
18%
Le tre R dell'ambiente Ridurre
17%
I Tre Tenori Jose Carreras
16%
Commedie romantiche anni '90 con Tom Hanks e Meg Ryan C'è posta per te
12%
Commedie romantiche anni '90 con Tom Hanks e Meg Ryan Insonnia d'amore
6%
Commedie romantiche anni '90 con Tom Hanks e Meg Ryan Joe contro il Vulcano
2%
Nessun quiz corrispondente trovato
Distribuzione punteggi
Percentuale di utenti per punteggio
Percentile per numero di risposta
I tuoi punteggi nel tempo
Non hai fatto questo quiz